| 000 | 00641nam a2200217Ia 4500 | ||
|---|---|---|---|
| 003 | IN-BaIIA | ||
| 008 | 211028s9999 xx 000 0 eng d | ||
| 020 | _a978-81-8495-069-4 | ||
| 040 | _cIIA Library | ||
| 080 |
_a524.8 _bPIC |
||
| 100 |
_aPiccioni, Robert L. _934123 |
||
| 245 | 0 |
_aEinstein for everyone: real science for real people _cRobert L. Piccioni |
|
| 250 | _a2nd ed. | ||
| 260 |
_aAhmedabad _bJaico Publishing _c2010 |
||
| 300 | _a[various pagings.] | ||
| 650 | _aCosmology | ||
| 650 |
_aThe atoms _934124 |
||
| 650 |
_aThe Stars _932311 |
||
| 650 |
_aUniverse _91987 |
||
| 942 | _cBK | ||
| 999 |
_c17934 _d17934 |
||